Geografías de la infancia. Derribando muros del Gigante Egoísta.

Spremljeno u:
Bibliografski detalji
Glavni autor: Medina, Piera (autora)
Autor kompanije: Fundación Escala Común (desarrollador)
Daljnji autori: Mucientes, Consuelo (autora)
Format: Knjiga
Jezik:engleski
Izdano: Valparaíso, Chile: Fundación Escala Común, 2019
Teme:
Online pristup:Disponible Online
Oznake: Dodaj oznaku
Bez oznaka, Budi prvi tko označuje ovaj zapis!

MARC

LEADER 00000nam a22000007a 4500
003 CL-VaPUC
005 20220421155911.0
008 220310b2019 ||||| |||| 00| 0 eng d
999 |c 434799  |d 434797 
040 |c Pontificia Universidad Católica de Valparaíso 
082 0 4 |2 21  |a 711.3 MED 2019 
100 1 |a Medina, Piera  |e autora  |9 867118 
110 1 |a Fundación Escala Común  |e desarrollador  |9 867119 
245 1 0 |a Geografías de la infancia.  |b  Derribando muros del Gigante Egoísta. 
260 |a Valparaíso, Chile:  |b Fundación Escala Común,  |c 2019 
300 |a 106 páginas 
500 |a C.1. Donación Profesora Ursula Exss. Memo ARQ 04/ 2021. 06/12/2021 
505 |a Proyecto financiado por el Ministerio de las Culturas, las artes, y el patrimonio de Chile, Fondart Nacional, línea de investigación en Arquitectura, año 2018; Folio 452525 
583 |c 20220310  |k Sebastián Perez 
650 1 |a Planificación urbana  |x Espacios públicos  |x Niños  |z Aysén  |z Chile  |9 867767 
650 1 |a Planificación urbana  |x Bienestar de la infancia  |9 867769 
700 |a Mucientes, Consuelo  |e autora  |9 867120 
856 |u https://issuu.com/pieram/docs/geografias_de_la_infancia_sipic  |y Disponible Online 
942 |2 ddc  |c BK 
952 |0 0  |1 0  |2 ddc  |4 0  |6 711_300000000000000_MED_2019  |7 0  |8 A  |9 581811  |a BIBARQ  |b BIBARQ  |c GEN  |d 2022-03-14  |e Donación  |i 5650055  |o 711.3 MED 2019  |p 5650055  |r 2025-01-20  |t 1  |w 2022-03-14  |y BK  |k ARQ